| 000 | 02142nam a2200229Ia 4500 | ||
|---|---|---|---|
| 003 | OSt | ||
| 005 | 20211117130840.0 | ||
| 008 | 210310s2008 xxkao fr 000 0 spa d | ||
| 040 |
_aCO-JMCR _cCO-JMCR |
||
| 041 | 0 | _aspa | |
| 082 | 0 | 4 |
_a338.918 / _bF527a _223 |
| 110 | 2 |
_aFIRST _941565 |
|
| 245 | 1 | 0 |
_aAlcanzando el potencial del gran Caribe / _cFIRST, Asociación de Estados del Caribe |
| 250 | _a9° edición | ||
| 260 |
_aLondres : _bAsociación de Estados del Caribe, _c2008 |
||
| 300 |
_a112 páginas : _bilustraciones y fotografías a color ; _c30 cm. |
||
| 505 | 0 |
_tEl Caribe realidades, retos y futuro / _rMartin Torrijos Espino _tUn socio comprometido con el Gran Caribe / _rSamuel Lewis Navarro _tCoordinando la respuesta regional a los desastres / _rRuben Arturo Silic Valdez _tPerfiles de los Países / _tEcoturismo comunitario perspectivas Gran Caribe / _rJasmin Garraway _tLa seguridad de los turistas en épocas de desastre / _rJasmin Garraway _tWilma testimonio de unidad y cultura de la prevención / _rRodolfo Elizondo Torres _tTurismo sostenible: de la intención a su manifestación / _rSir Royston O Hopkin _t¿Hacia dónde nos dirigimos de aquí en adelante en turismo? / _rVincent Vanderpool-Wallace _tUna alianza estratégica y necesaria / _rMercedes Silva _tRetos del turismo sostenible en destinos insulares / _rEugenio Yunis _tFortaleciendo al Caribe en el turismo mundial / _rVictorin Lurel _tEmprendimientos petroleros y de gas en la cuenca del Caribe / _rDavid Renwick _tEl Ron: diálogo y cooperación en el Gran Caribe / _rManuel Madriz Formos _tPaso a paso Fortaleciendo relaciones entre la UE y la AEC / _rMurielle Lesales _tLa Ciudadela de Laferriere: su simbolismo y su potencial / _rWatson R Denis PhD _tEl transporte en el Caribe apuesta al crecimiento / _rDavid Jessop _tExpandiendo las asociaciones público-privadas / _rClifford E Griffin PhD _tTurismo de salud y bienestar la experiencia cubana / _rGelacio Aday Romeu |
|
| 650 | 1 | 4 |
_aPolítica y gobierno _918365 _zÁrea del Caribe |
| 650 | 2 | 4 |
_aIntegración económica internacional _97032 |
| 710 | 2 |
_aAsociación de Estados del Caribe _941566 |
|
| 942 |
_2ddc _cBK |
||
| 999 |
_c8816 _d8816 |
||